Prontuario 1997 /

Na minha lista:
Detalhes bibliográficos
Autor Corporativo: UNAM
Outros Autores: Mijares, Malena (coordinación) (coordinación)
Formato: Livro
Idioma:espanhol
Publicado em: México : UNAM, 1997, c1997
Tags: Adicionar Tag
Sem tags, seja o primeiro a adicionar uma tag!

MARC

LEADER 00000nam^a2200000^a^4500
001 000435723
005 20250526000000.0
009 20260310123136.922
020 |a 968-36-6541-1 
037 |a Acervo ITESO - Biblioteca 
041 |a ESP 
091 |a FHM. 07801 
110 |a UNAM 
245 1 0 |a Prontuario 1997 / 
264 4 |a México :  |b UNAM,  |c 1997, c1997 
300 |a 113 p. ;  |c 28.5 cm. 
336 |a texto  |b txt  |2 rdacontenido 
337 |a sin mediación  |b n  |2 rdamedio 
338 |a volumen  |b nc  |2 rdasoporte 
649 |a XX 
700 |a Mijares, Malena  |e (coordinación) 
910 |a Fondo Hugo B. Margáin 
920 |a Impresos - Libros 
930 |a Libros Antiguos y Raros 
905 |a 126 
901 |a 0500357137  |b IT2  |c LRA  |i D104227  |u 20250526 
902 |a https://opac.biblio.iteso.mx/vufind/Record/000435723